| 000 | 00713nam a2200229 a 4500 | ||
|---|---|---|---|
| 008 | |||
| 049 | _aMAIN | ||
| 090 | _aQA501 | ||
| 100 | 1 | _aAbbott, William. | |
| 245 | 1 | 0 |
_aPractical geometry and engineering graphics: _ba textbook for engineering students/ _c by W. Abbott. |
| 250 | _a5th ed. | ||
| 260 |
_aLondon: _bBlackie & Son limited _c1951 |
||
| 300 |
_a316 p. : _bill. ; _c23 cm. |
||
| 500 | _aIncludes index. | ||
| 650 | 0 | _aGeometry, Descriptive. [from old catalog] | |
| 650 | 0 | _aEngineering graphics. [from old catalog] | |
| 907 |
_a.b10162744 _b10-06-05 _c10-05-05 |
||
| 003 | |||
| 005 | 20230123134008.0 | ||
| 040 | _cNUST | ||
| 942 |
_cBOOKS _kQA501 |
||
| 999 |
_c158211 _d158211 |
||